Die häufigsten Fehler beim Fremdsprachenerwerb (deutsche Sprache) rigorózna

Gespeichert in:
Bibliographische Detailangaben
1. Verfasser: Kocsisová, Dominika
Körperschaft: Fakulta aplikovaných jazykov EU v Bratislave. Katedra jazykovedy a translatológie
Weitere Verfasser: Seresová, Katarína, 1967-
Format: Buch
Sprache:Deutsch
Veröffentlicht: Bratislava 2020
Tags: Tag hinzufügen
Keine Tags, Fügen Sie das erste Tag hinzu!

MARC

LEADER 00000nbm a2200000 4500
001 0267990
005 20210331130432.0
041 0 |a ger 
044 |a SK 
245 1 0 |a Die häufigsten Fehler beim Fremdsprachenerwerb (deutsche Sprache)  |b rigorózna  |c Dominika Kocsisová ; školiteľ: Katarína Seresová 
264 1 |a Bratislava  |c 2020 
300 |a 91 s. 
100 1 |a Kocsisová, Dominika 
700 1 |a Seresová, Katarína, 1967- 
710 2 |a Fakulta aplikovaných jazykov EU v Bratislave. Katedra jazykovedy a translatológie